Missing Word: 'O' Authors Quiz Stats

 Plays Quiz Updated Jul 10, 2017

Support Sporcle.
Go Orange.
Score 0/14 Timer 02:00
0 Plays Today
Author Answer % Correct
George _____Orwell
98.9%
_____ WildeOscar
97.6%
Eugene _____O'Neill
68.1%
Joyce Carol _____Oates
66.2%
_____ SacksOliver
60.6%
_____ Scott CardOrson
58.6%
Flannery _____O'Connor
55.5%
Author Answer % Correct
Patrick _____O'Brian
20.5%
John _____Osborne
20.3%
Scott _____O'Dell
19.5%
Michael _____Ondaatje
16.2%
Emma _____Orczy
14.9%
_____ PamukOrhan
13.1%
Sarah _____ JewettOrne
12.5%

Today's Daily Dose

You're not logged in!

Compare scores with friends on all Sporcle quizzes.
OR
Log In
Forgot?

From the Vault

'Soft Kitty' Danger Zone

by mk31

And we call this quiz...Zazzy.
Remove Ads.
Support Sporcle.
Get the best of Sporcle when you Go Orange. This ad-free experience offers more features, more stats, and more fun while also helping to support Sporcle. Thank you for becoming a member.

Show Comments

Extras

Top Quizzes Today


Score Distribution

Your Account Isn't Verified!

In order to create a playlist on Sporcle, you need to verify the email address you used during registration. Go to your Sporcle Settings to finish the process.

Report this User

Report this user for behavior that violates our Community Guidelines.

Details: